Cosmeceuticals and active cosmetics : Drug versus cosmetics

Đã lưu trong:
Sonraí Bibleagrafaíochta
Príomhúdar: Elsner, Peter
Formáid: Leabhar
Teanga:Undetermined
Foilsithe: Boca Raton Taylor & Francis 2005
Ábhair:
Clibeanna: Cuir Clib Leis
Gan Chlibeanna, Bí ar an gcéad duine leis an taifead seo a chlibeáil!
Thư viện lưu trữ: Trung tâm Học liệu Trường Đại học Cần Thơ
LEADER 00614nam a2200217Ia 4500
001 CTU_88916
008 210402s9999 xx 000 0 und d
020 |c 3450000 
082 |a 615.778 
082 |b E49 
100 |a Elsner, Peter 
245 0 |a Cosmeceuticals and active cosmetics : 
245 0 |b Drug versus cosmetics 
245 0 |c Peter Elsner, Howard I. Maibach 
260 |a Boca Raton 
260 |b Taylor & Francis 
260 |c 2005 
526 |a Hóa học ứng dụng 
526 |b TN300 
650 |a Dermatologic agents,Cosmetics 
980 |a Trung tâm Học liệu Trường Đại học Cần Thơ